Größte Städte Nordamerikas - Statistiken

Allgemein
  • Dieses Quiz wurde 179 mal gespielt
  • Das Durchschnittsergebnis liegt bei 22 aus 30
Antwortstatistiken
Einwohner Land Stadt % Korrekt
25.1 Mio. Mexiko Mexiko-Stadt
99%
22.0 Mio. USA New York
98%
17.2 Mio. USA Los Angeles
97%
7.70 Mio. Kanada Toronto
92%
9.65 Mio. USA Chicago
90%
8.55 Mio. USA Washington
90%
6.30 Mio. USA Miami
87%
7.65 Mio. USA Dallas
85%
7.45 Mio. USA San Francisco
85%
7.70 Mio. USA Boston
82%
7.05 Mio. USA Houston
82%
3.35 Mio. Guatemala Guatemala-Stadt
79%
4.475 Mio. USA Seattle
79%
3.075 Mio. Kanada Vancouver
79%
4.425 Mio. Kanada Montreal
75%
7.50 Mio. USA Philadelphia
73%
3.85 Mio. USA Denver
71%
3.20 Mio. USA San Diego
70%
6.10 Mio. USA Atlanta
68%
5.75 Mio. USA Detroit
68%
4.90 Mio. USA Phoenix
68%
3.85 Mio. Dominikanische Republik Santo Domingo
67%
3.625 Mio. Haiti Port-au-Prince
61%
5.85 Mio. Mexiko Guadalajara
57%
6.00 Mio. Mexiko Monterrey
54%
3.225 Mio. USA Minneapolis
46%
3.80 Mio. USA Orlando
46%
4.925 Mio. USA Tampa
43%
3.05 Mio. USA Cleveland
36%
4.225 Mio. Mexiko Puebla
34%
Keine übereinstimmenden Quizze gefunden
Verteilung der Resultate
Anzahl Personen mit jedem Resultat
Perzentil nach korrekt beantworteten Fragen
Ihre Resultats-Entwicklung
Sie haben dieses Quiz noch nicht gespielt